000
00273nam a2200121Ia 4500
100
_a
Parrish/A.ed
942
_c
BK
654
_a
mechanics
245
_a
Mechanical Engineers Reference Book
260
_b
Buttorworth & Co
_a
London
_c
1973
082
_a
621
546
_a
ENGLISH
999
_c
22647
_d
22647